Online
Catalog

Haití y los intereses nacionales. / (Record no. 26275)

MARC details
000 -CABECERA
campo de control de longitud fija 01907nam a2200301 a 4500
001 - NÚMERO DE CONTROL
campo de control 000026783
003 - IDENTIFICADOR DEL NÚMERO DE CONTROL
campo de control DO-SdBNP
005 - FECHA Y HORA DE LA ÚLTIMA TRANSACCIÓN
campo de control 20250219074027.0
007 - CAMPO FIJO DE DESCRIPCIÓN FÍSICA--INFORMACIÓN GENERAL
campo de control de longitud fija ta
008 - DATOS DE LONGITUD FIJA--INFORMACIÓN GENERAL
campo de control de longitud fija 101006e2011 dr ahb gr 000 0dspa d
020 ## - NÚMERO INTERNACIONAL ESTÁNDAR DEL LIBRO
Número Internacional Estándar del Libro 9789945473728
040 ## - FUENTE DE LA CATALOGACIÓN
Centro catalogador/agencia de origen DO-SdBNP
Lengua de catalogación spa
Centro/agencia transcriptor BNPHU
082 #4 - NÚMERO DE LA CLASIFICACIÓN DECIMAL DEWEY
Número de documento/Ítem C352h
Número de edición 22
100 1# - ENTRADA PRINCIPAL--NOMBRE DE PERSONA
Nombre de persona Castillo, Peregrín
9 (RLIN) 53894
245 10 - MENCIÓN DE TÍTULO
Título Haití y los intereses nacionales. /
Mención de responsabilidad, etc. Peregrín Castillo; edición, Isael Pérez
260 ## - PUBLICACIÓN, DISTRIBUCIÓN, ETC.
Lugar de publicación, distribución, etc. Santo Domingo :
Nombre del editor, distribuidor, etc. Santuario,
Fecha de publicación, distribución, etc. 2011
300 ## - DESCRIPCIÓN FÍSICA
Extensión 100 p. :
Otras características físicas il., facs., mapas ;
Dimensiones 23 cm.
500 ## - NOTA GENERAL
Nota general Incluye datos biográficos del autor en la solapa de la cubierta.
505 ## - NOTA DE CONTENIDO CON FORMATO
Título Hacia una frontera benigna dominico-haitiano.--
Información miscelánea Introducción.
Título Geopolítica de la isla de Santo Domingo.--
-- Migración haitiana y Seguridad Nacional.--
-- Resolución de la Cámara de Diputado.--
-- Fondo Internacional de ayuda a Haití.--
-- Haití es responsabilidad de la comunidad internacional.--
-- Un mini Marshall para Haití.--
-- Lineamientos para un plan de regularización migratoria.--
-- Plan de acción.--
-- La Española, destino de dos culturas, migración haitiana y Seguridad Nacional.--
-- Guía para la acción 20 ante la tragedia haitiana.--
-- Guía para la acción 21.--
-- Guía para la acción 22.--
-- Declaración del Comité de Solidaridad con Haití.--
-- Declaración Pública del 28 de febrero de 2011.--
-- Una invitación a Sonia Pierre y al padre Ruquoy.--
-- No hay que buscar la solución a la crisis de Haití en República Dominicana.
590 ## - NOTA LOCAL (RLIN)
Nota local Inventariado, 2023/BT
650 #4 - PUNTO DE ACCESO ADICIONAL DE MATERIA--TÉRMINO DE MATERIA
9 (RLIN) 9457
Término de materia o nombre geográfico como elemento de entrada Relaciones Diplomáticas
Subdivisión geográfica República Dominicana
651 #4 - PUNTO DE ACCESO ADICIONAL DE MATERIA--NOMBRE GEOGRÁFICO
9 (RLIN) 80314
Nombre geográfico República Dominicana
Subdivisión general Emigración e inmigración
651 #4 - PUNTO DE ACCESO ADICIONAL DE MATERIA--NOMBRE GEOGRÁFICO
9 (RLIN) 2234
Nombre geográfico Haití
Subdivisión general Relaciones Exteriores
Subdivisión geográfica República Dominicana
651 #4 - PUNTO DE ACCESO ADICIONAL DE MATERIA--NOMBRE GEOGRÁFICO
9 (RLIN) 2233
Nombre geográfico República Dominicana
Subdivisión general Relaciones Exteriores
Subdivisión geográfica Haití
700 1# - PUNTO DE ACCESO ADICIONAL--NOMBRE DE PERSONA
Nombre de persona Pérez, Isael,
Fechas asociadas al nombre 1961-
Término indicativo de función/relación ed.
9 (RLIN) 1414
910 ## - DATOS DE OPCIÓN DEL USUARIO (OCLC)
Datos de opción del usuario MFeliz
942 ## - ELEMENTOS DE PUNTO DE ACCESO ADICIONAL (KOHA)
Fuente del sistema de clasificación o colocación Dewey Decimal Classification
Tipo de ítem Koha Libro
Holdings
Estado de retiro Estado de pérdida Fuente del sistema de clasificación o colocación Restricciones de uso No para préstamo Código de colección Localización permanente Ubicación/localización actual Ubicación en estantería Fecha de adquisición Signatura topográfica completa Código de barras Fecha visto por última vez Número de copia Precio válido a partir de Tipo de ítem Koha
    Dewey Decimal Classification Préstamo en sala   Dominicana de Servicio Biblioteca Nacional Pedro Henríquez Ureña Biblioteca Nacional Pedro Henríquez Ureña Extraviado 08.01.2015 BNPHU DS C352h 26783-70 25.06.2020 e. 4 25.06.2020 Libro
    Dewey Decimal Classification Préstamo en sala   Dominicana de Servicio Biblioteca Nacional Pedro Henríquez Ureña Biblioteca Nacional Pedro Henríquez Ureña Extraviado 08.01.2015 BNPHU DS C352h 26783-80 25.06.2020 e. 5 25.06.2020 Libro
    Dewey Decimal Classification Excluido de préstamo   Patrimonio Dominicano Biblioteca Nacional Pedro Henríquez Ureña Biblioteca Nacional Pedro Henríquez Ureña En catalogación 25.03.2011 BNPHU PD C352h 26783-10 25.06.2020   25.06.2020 Libro
    Dewey Decimal Classification Excluido de préstamo   Patrimonio Dominicano Biblioteca Nacional Pedro Henríquez Ureña Biblioteca Nacional Pedro Henríquez Ureña En catalogación 12.04.2011 BNPHU PD C352h 26783-20 25.06.2020 e.2 25.06.2020 Libro
    Dewey Decimal Classification Préstamo en sala   Dominicana de Servicio Biblioteca Nacional Pedro Henríquez Ureña Biblioteca Nacional Pedro Henríquez Ureña En catalogación 12.04.2011 BNPHU DS C352h 26783-30 25.06.2020 e. 3 25.06.2020 Libro

Powered by Koha